000 01266na a2200361 4500
001 14697
003 MIRAKIL
005 20181213155150.0
008 160830b tu 000 0
020 _a9786056163012
035 _a14697
040 _aMilas
_btur
_cTR-AnCHP
082 _a324.9 2015
_bT85s 2015
090 _a324.9 2015 T85s 2015
100 _aTuncer, Erol
245 _aSeçim 2015
_b7 Haziran 2015 milletvekili genel seçimleri sayısal ve siyasal değerlendirme
_cErol Tuncer, Hanife Yurtseven, Bülent Tuncer
246 _a2015 seçimleri
246 _a7 Haziran 2015milletvekili genel seçimleri sayısal ve siyasal değerlendirme
260 _aAnkara
_bTESAV
_c2015
300 _axiv, 384 s.
_bgrf., hrt., tbl.
_c27 sm.
490 _aTESAV yayınları
_v43
504 _aKaynakça var.
650 _aSiyasal tarih
_y2011-2015
_zTürkiye
650 _aSiyasal partiler
_x2011-2015
_zTürkiye
650 _aHükümetler
_x2011-2015
_zTürkiye
650 _aTBMM
_x24. Dönem
_y2011-2015
650 _aSeçimler
_yİstatistikler
_zTürkiye
651 _aTürkiye
_xSeçimler
_yGenel seçimler, 2015
651 _aTürkiye
_xSiyaset ve yönetim
_y2011-2015
700 _aTuncer, Bülent
700 _aYurtseven, Hanife
942 _2ddc
_cBKS
999 _c7842
_d7842